Vplyv internetu na konkurencieschopnosť podniku bakalárska práca

Guardado en:
Detalles Bibliográficos
Autor principal: Repaský, Matej
Autor Corporativo: Obchodná fakulta EU. Katedra informatiky obchodných firiem
Otros Autores: Hlavatý, Ivan, 1978-
Formato: Libro
Lenguaje:eslovaco
Publicado: Bratislava 2011
Etiquetas: Agregar Etiqueta
Sin Etiquetas, Sea el primero en etiquetar este registro!

MARC

LEADER 00000nbm a2200000 4500
001 0132012
005 20161109111426.0
041 0 |a slo 
044 |a SK 
245 1 0 |a Vplyv internetu na konkurencieschopnosť podniku  |b bakalárska práca  |c Matej Repaský ; školiteľ: Ivan Hlavatý 
264 1 |a Bratislava  |c 2011 
300 |a 45 s. 
100 1 |a Repaský, Matej 
700 1 |a Hlavatý, Ivan, 1978- 
710 2 |a Obchodná fakulta EU. Katedra informatiky obchodných firiem